[Event "DVM U20w 2017"]
[Site "Düsseldorf GER"]
[Date "2017.12.29"]
[Round "5"]
[White "Fuchs, Joline"]
[Black "Mylke, Sandy-Michelle"]
[Result "1-0"]
[Termination "normal"]
[Board "2.4"]
[WhiteElo "1393"]
[BlackElo "1350"]
[WhiteClock "00:11:32"]
[BlackClock "00:09:20"]
[WhiteTeam "USG Chemnitz"]
[BlackTeam "Leegebrucher SF"]
[PlyCount "87"]
[WhiteFideId "12964506"]
[BlackFideId "16235045"]
[EventCountry "GER"]
[EventRounds "7"]
[EventType "team-round robin"]
[EventDate "2017.12.26"]

1. g3 {[%clk 1:30:57]} d5 {[%clk 1:29:31]} 2. Bg2 {[%clk 1:30:55]} e5 {[%clk
1:27:58]} 3. c4 {[%clk 1:27:45]} c6 {[%clk 1:26:19]} 4. cxd5 {[%clk 1:23:26]}
cxd5 {[%clk 1:24:48]} 5. d3 {[%clk 1:19:01]} Nc6 {[%clk 1:21:10]} 6. Nf3 {[%clk
1:13:28]} Bc5 {[%clk 1:17:28]} 7. Nc3 {[%clk 1:08:46]} Nge7 {[%clk 1:12:03]} 8.
O-O {[%clk 1:04:44]} O-O {[%clk 1:07:22]} 9. b3 {[%clk 1:00:37]} Bf5 {[%clk
1:02:02]} 10. Bb2 {[%clk 0:53:48]} Qd7 {[%clk 0:53:50]} 11. e4 {[%clk 0:40:22]}
Bg4 {[%clk 0:48:23]} 12. Qc1 {[%clk 0:32:23]} Nb4 {[%clk 0:44:39]} 13. Nxe5
{[%clk 0:30:10]} Qe6 {[%clk 0:41:27]} 14. Nxg4 {[%clk 0:30:08]} Qxg4 {[%clk
0:40:35]} 15. Rd1 {[%clk 0:28:12]} Rac8 {[%clk 0:35:37]} 16. Qd2 {[%clk
0:24:49]} Rfd8 {[%clk 0:30:20]} 17. Na4 {[%clk 0:22:21]} b6 {[%clk 0:28:27]}
18. a3 {[%clk 0:19:42]} Nbc6 {[%clk 0:23:25]} 19. Nxc5 {[%clk 0:19:05]} bxc5
{[%clk 0:22:57]} 20. Rab1 {[%clk 0:14:41]} Nd4 {[%clk 0:17:17]} 21. h3 {[%clk
0:13:09]} Nf3+ {[%clk 0:16:19]} 22. Bxf3 {[%clk 0:13:11]} Qxf3 {[%clk 0:16:28]}
23. Qg5 {[%clk 0:11:49]} f6 {[%clk 0:15:27]} 24. Qg4 {[%clk 0:11:36]} dxe4
{[%clk 0:13:18]} 25. Qe6+ {[%clk 0:10:22]} Kf8 {[%clk 0:13:16]} 26. Qxe4 {[%clk
0:10:41]} Qxe4 {[%clk 0:12:50]} 27. dxe4 {[%clk 0:11:10]} Nc6 {[%clk 0:12:47]}
28. Rbc1 {[%clk 0:10:37]} Ne5 {[%clk 0:12:47]} 29. Rxd8+ {[%clk 0:09:56]} Rxd8
{[%clk 0:13:06]} 30. Bxe5 {[%clk 0:10:21]} fxe5 {[%clk 0:13:19]} 31. Rxc5
{[%clk 0:10:43]} Rd1+ {[%clk 0:13:01]} 32. Kg2 {[%clk 0:11:07]} Ra1 {[%clk
0:13:16]} 33. Rc8+ {[%clk 0:11:04]} Kf7 {[%clk 0:13:14]} 34. Rc7+ {[%clk
0:11:29]} Kg6 {[%clk 0:13:21]} 35. Rxa7 {[%clk 0:11:54]} Kf6 {[%clk 0:11:39]}
36. a4 {[%clk 0:11:32]} Ke6 {[%clk 0:11:56]} 37. Rxg7 {[%clk 0:11:31]} Ra3
{[%clk 0:10:46]} 38. Rxh7 {[%clk 0:11:34]} Rxb3 {[%clk 0:10:34]} 39. a5 {[%clk
0:11:34]} Ra3 {[%clk 0:10:34]} 40. Rh6+ {[%clk 0:11:56]} Kd7 {[%clk 0:10:48]}
41. a6 {[%clk 0:12:19]} Kc7 {[%clk 0:10:52]} 42. Rh7+ {[%clk 0:12:31]} Kb6
{[%clk 0:11:01]} 43. a7 {[%clk 0:12:50]} Rxa7 {[%clk 0:09:20]} 44. Rxa7 {[%clk
0:11:32]} 1-0

[Event "DVM U20w 2017"]
[Site "Düsseldorf GER"]
[Date "2017.12.29"]
[Round "5"]
[White "Miljkovic, Jovana"]
[Black "Sherif, Amina"]
[Result "1-0"]
[Termination "normal"]
[Board "3.1"]
[WhiteTitle "WFM"]
[BlackTitle "WIM"]
[WhiteElo "1882"]
[BlackElo "2041"]
[WhiteTeam "SV Lingen"]
[BlackTeam "TuRa Harksheide Norderstedt"]
[PlyCount "161"]
[WhiteFideId "958336"]
[BlackFideId "12911690"]
[EventCountry "GER"]
[EventRounds "7"]
[EventType "team-round robin"]
[EventDate "2017.12.26"]

1. Nf3 g6 2. e4 Bg7 3. d4 d6 4. c3 Nf6 5. Bd3 c6 6. O-O O-O 7. h3 Qc7 8. Re1 e5
9. Na3 Nbd7 10. Be3 Re8 11. Qc2 Nf8 12. Rad1 Be6 13. dxe5 dxe5 14. Nc4 Nh5 15.
Bc5 f6 16. Bd6 Qf7 17. b3 Red8 18. Bf1 a5 19. Nb6 a4 20. Nxa4 Nd7 21. Nc5 Nxc5
22. Bxc5 Nf4 23. Bb6 Re8 24. Nd2 g5 25. Nc4 Qg6 26. Nd6 g4 27. Re3 gxh3 28. Rg3
Qh5 29. Nxe8 Rxe8 30. Rd2 hxg2 31. Bxg2 f5 32. Bf3 Qf7 33. Qd1 Kh8 34. exf5
Bxf5 35. Be3 Bf6 36. Bxf4 exf4 37. Bh5 Qc7 38. Rg2 Rf8 39. Bg4 Be4 40. Bf3 Bf5
41. Bg4 Be4 42. f3 Bg6 43. c4 Qe5 44. Qe2 Qc5+ 45. Kh1 Bc3 46. Qf2 Qb4 47. Rd1
Re8 48. Qh4 Qe7 49. Qxe7 Rxe7 50. Rd8+ Kg7 51. Rd7 Kf6 52. Rxe7 Kxe7 53. Re2+
Kd6 54. a3 Bd3 55. Rh2 Ke5 56. Rh5+ Kf6 57. Bc8 b6 58. Bb7 Bc2 59. b4 Bd3 60.
Bxc6 Bxc4 61. Rxh7 Bb2 62. a4 Bc3 63. Rb7 Bxb4 64. Rxb6 Ba5 65. Rb8 Ke6 66. Kg2
Kd6 67. Be4 Kc7 68. Rf8 Bd2 69. Rf6 Kb8 70. Rc6 Bf7 71. Ra6 Bc4 72. Rc6 Bf7 73.
Rd6 Be3 74. a5 Bc4 75. a6 Ka7 76. Bb7 Kb8 77. Rd8+ Ka7 78. Rd6 Be2 79. Kh3 Bc5
80. Rf6 Be3 81. Kg4 1-0

[Event "DVM U20w 2017"]
[Site "Düsseldorf GER"]
[Date "2017.12.29"]
[Round "5"]
[White "Köhler, Inken"]
[Black "Schlichter, Lisa"]
[Result "1-0"]
[Termination "normal"]
[Board "3.2"]
[WhiteElo "1909"]
[BlackElo "1669"]
[WhiteTeam "TuRa Harksheide Norderstedt"]
[BlackTeam "SV Lingen"]
[PlyCount "37"]
[WhiteFideId "12929301"]
[BlackFideId "12926396"]
[EventCountry "GER"]
[EventRounds "7"]
[EventType "team-round robin"]
[EventDate "2017.12.26"]

1. e4 {[%emt 0:00:00]} c5 2. Nf3 Nc6 3. d4 cxd4 4. Nxd4 g6 5. c4 Bg7 6. Nc2 d6
7. Be2 Nf6 8. Nc3 O-O 9. O-O Nd7 10. Be3 Nc5 11. f3 Be6 12. Qd2 Rb8 13. Rab1 a6
14. Rfd1 Bd7 15. Bxc5 Bxc3 16. bxc3 Ne5 17. Bb6 Qc8 18. Ne3 Be6 19. Nd5 1-0

[Event "DVM U20w 2017"]
[Site "Düsseldorf GER"]
[Date "2017.12.29"]
[Round "5"]
[White "Möller, Hannah"]
[Black "Zimmermann, Jasmin"]
[Result "1/2-1/2"]
[Termination "normal"]
[Board "3.3"]
[WhiteElo "1636"]
[BlackElo "1799"]
[WhiteTeam "SV Lingen"]
[BlackTeam "TuRa Harksheide Norderstedt"]
[PlyCount "62"]
[WhiteFideId "1270514"]
[BlackFideId "12900400"]
[EventCountry "GER"]
[EventRounds "7"]
[EventType "team-round robin"]
[EventDate "2017.12.26"]

1. Nf3 c5 2. g3 Nf6 3. Bg2 Nc6 4. d4 cxd4 5. Nxd4 a6 6. O-O e5 7. Nxc6 bxc6 8.
c4 Bc5 9. Nc3 O-O 10. Bg5 h6 11. Bxf6 Qxf6 12. Ne4 Qe7 13. Nxc5 Qxc5 14. b3 Rd8
15. Qd2 Bb7 16. Rfc1 Qe7 17. c5 d5 18. cxd6 Rxd6 19. Qc2 Rad8 20. Rd1 Qd7 21.
Rxd6 Qxd6 22. Rc1 Qd2 23. Bxc6 Bxc6 24. Qxd2 Rxd2 25. Rxc6 Rxa2 26. Kf1 Ra1+
27. Kg2 a5 28. Rc8+ Kh7 29. Rc5 f6 30. Rb5 a4 31. bxa4 Rxa4 1/2-1/2

[Event "DVM U20w 2017"]
[Site "Düsseldorf GER"]
[Date "2017.12.29"]
[Round "5"]
[White "Schramm, Anna-Lena"]
[Black "Schäfer, Leonie"]
[Result "0-1"]
[Termination "normal"]
[Board "3.4"]
[WhiteElo "1474"]
[BlackElo "1395"]
[WhiteTeam "TuRa Harksheide Norderstedt"]
[BlackTeam "SV Lingen"]
[PlyCount "94"]
[WhiteFideId "12918237"]
[BlackFideId "16241851"]
[EventCountry "GER"]
[EventRounds "7"]
[EventType "team-round robin"]
[EventDate "2017.12.26"]

1. c4 Nf6 2. Nc3 b6 3. e4 d6 4. g3 Bb7 5. Bg2 Nbd7 6. d4 g6 7. Nge2 Bg7 8. O-O
Qc8 9. h3 O-O 10. Kh2 c5 11. d5 Ne5 12. b3 a6 13. f4 Ned7 14. Rb1 Ne8 15. a3 f5
16. Qd3 Nc7 17. b4 Rb8 18. Be3 Rf7 19. bxc5 Nxc5 20. Qc2 Ba8 21. Na4 Nxa4 22.
Qxa4 b5 23. cxb5 axb5 24. Qb3 Na6 25. Rfc1 Qd7 26. Qd3 Nc7 27. Rb3 Rff8 28.
Rcb1 Bb7 29. Nd4 fxe4 30. Bxe4 Ba6 31. Nc6 Ra8 32. Qc2 Rfc8 33. Na7 Rcb8 34.
Rc1 Ne8 35. Qc6 Bc8 36. Nxc8 Qxc8 37. Qxc8 Rxc8 38. Rxb5 Rxc1 39. Bxc1 Nf6 40.
Bf3 Rc8 41. Be3 Rc3 42. Bg2 Rxe3 43. Rb8+ Kf7 44. a4 Nd7 45. Rd8 Nc5 46. a5 Ra3
47. Ra8 Bc3 0-1

[Event "DVM U20w 2017"]
[Site "Düsseldorf GER"]
[Date "2017.12.29"]
[Round "5"]
[White "Lohrmann, Tabea"]
[Black "Schneider, Jana"]
[Result "0-1"]
[Termination "normal"]
[Board "4.1"]
[BlackTitle "FM"]
[WhiteElo "1694"]
[BlackElo "2222"]
[WhiteTeam "SK Endingen"]
[BlackTeam "Spvgg 1946 Stetten"]
[PlyCount "64"]
[WhiteFideId "12911941"]
[BlackFideId "12924997"]
[EventCountry "GER"]
[EventRounds "7"]
[EventType "team-round robin"]
[EventDate "2017.12.26"]

1. e4 e6 2. d4 d5 3. exd5 exd5 4. Nf3 Nc6 5. h3 Bd6 6. c4 Bf5 7. a3 Nf6 8. Nc3
O-O 9. c5 Re8+ 10. Be2 Bf8 11. O-O h6 12. Bf4 g5 13. Bh2 Bg7 14. Ne5 Ne4 15.
Nxc6 bxc6 16. f3 Nxc3 17. bxc3 Re3 18. Qd2 Qe7 19. Rfe1 h5 20. Kf1 Re8 21. Be5
Rxe5 22. dxe5 Bxe5 23. Bd3 Bd7 24. Qe3 Qf6 25. Rab1 Bxc3 26. Qxe8+ Bxe8 27.
Rxe8+ Kg7 28. Rb7 Qd4 29. Ke2 Ba5 30. Rxa7 Qxc5 31. Rea8 Bb6 32. Ra6 Qe3+ 0-1

[Event "DVM U20w 2017"]
[Site "Düsseldorf GER"]
[Date "2017.12.29"]
[Round "5"]
[White "Siegl, Melina"]
[Black "Schneider, Xenia"]
[Result "1-0"]
[Termination "normal"]
[Board "4.2"]
[WhiteElo "2023"]
[BlackElo "1320"]
[WhiteTeam "Spvgg 1946 Stetten"]
[BlackTeam "SK Endingen"]
[PlyCount "39"]
[WhiteFideId "1272126"]
[BlackFideId "12911984"]
[EventCountry "GER"]
[EventRounds "7"]
[EventType "team-round robin"]
[EventDate "2017.12.26"]

1. e4 c6 2. Nf3 d5 3. Nc3 dxe4 4. Nxe4 Nf6 5. Qe2 Nxe4 6. Qxe4 Qd5 7. Qf4 Bf5
8. Bc4 Qa5 9. b4 Qxb4 10. Bxf7+ Kxf7 11. Qxb4 b5 12. Qf4 e6 13. g4 Bd6 14. Qxd6
Bxc2 15. Ng5+ Kf6 16. Qxe6+ Kxg5 17. h4+ Kf4 18. d4+ Kf3 19. Qe3+ Kg2 20. Qh3#
1-0

[Event "DVM U20w 2017"]
[Site "Düsseldorf GER"]
[Date "2017.12.29"]
[Round "5"]
[White "Wagner, Lena"]
[Black "Mehling, Katharina"]
[Result "0-1"]
[Termination "normal"]
[Board "4.3"]
[WhiteElo "1259"]
[BlackElo "1914"]
[WhiteTeam "SK Endingen"]
[BlackTeam "Spvgg 1946 Stetten"]
[PlyCount "110"]
[WhiteFideId "12983470"]
[BlackFideId "12900362"]
[EventCountry "GER"]
[EventRounds "7"]
[EventType "team-round robin"]
[EventDate "2017.12.26"]

1. d4 Nf6 2. Nc3 g6 3. Nf3 Bg7 4. Bf4 d6 5. e4 O-O 6. Bc4 h6 7. h3 Nfd7 8. O-O
Nc6 9. Re1 e5 10. dxe5 Ndxe5 11. Nxe5 Nxe5 12. Bb3 Be6 13. Re3 a6 14. Qd2 Kh7
15. Bh2 Nc6 16. Rf1 Qd7 17. Bd5 Rae8 18. Rfe1 Re7 19. a3 Rfe8 20. Kh1 h5 21. f4
Bh6 22. R3e2 Nd8 23. Qd3 c6 24. Bb3 Bxb3 25. cxb3 Ne6 26. f5 Nf4 27. Bxf4 Bxf4
28. fxg6+ fxg6 29. b4 Rf7 30. a4 Ref8 31. b5 axb5 32. axb5 Be5 33. Rc2 Qe7 34.
Nd1 Qh4 35. Nf2 Rxf2 36. Rcc1 c5 37. b6 Rxb2 38. Rb1 Rxb1 39. Rxb1 Qf4 40. g3
Qxg3 41. Qxg3 Bxg3 42. Ra1 c4 43. Rc1 Rc8 44. Kg2 Be5 45. Kf3 c3 46. Rc2 Rc6
47. Ke2 Rxb6 48. Kd1 Rb1+ 49. Ke2 Rb2 50. Rxb2 cxb2 51. h4 b1=Q 52. Ke3 Qb3+
53. Ke2 Bf4 54. e5 Qe3+ 55. Kd1 Qd2# 0-1

[Event "DVM U20w 2017"]
[Site "Düsseldorf GER"]
[Date "2017.12.29"]
[Round "5"]
[White "Bosse, Lea"]
[Black "Wagner, Anna"]
[Result "1-0"]
[Termination "normal"]
[Board "4.4"]
[WhiteElo "1702"]
[BlackElo "1297"]
[WhiteTeam "Spvgg 1946 Stetten"]
[BlackTeam "SK Endingen"]
[PlyCount "107"]
[WhiteFideId "12900419"]
[BlackFideId "12983489"]
[EventCountry "GER"]
[EventRounds "7"]
[EventType "team-round robin"]
[EventDate "2017.12.26"]

1. e4 {[%emt 0:00:00]} e5 2. Nf3 Nc6 3. d4 d6 4. Bb5 Bd7 5. O-O Nf6 6. d5 Ne7
7. Bxd7+ Qxd7 8. Nc3 g6 9. Bg5 Bg7 10. Qd2 h6 11. Bh4 O-O 12. Bg3 Rad8 13. Nh4
c6 14. Rfe1 cxd5 15. exd5 Rc8 16. f4 Rc5 17. fxe5 dxe5 18. Bxe5 Nexd5 19. Rad1
Rd8 20. Qf2 Qc6 21. Rf1 Re8 22. Nxd5 Rxe5 23. Nxf6+ Bxf6 24. Qxf6 Qxf6 25. Rxf6
Rxc2 26. Rdf1 Re7 27. R6f2 Rc6 28. Nf3 Ra6 29. b3 Rae6 30. Nd4 Re4 31. Nb5 a6
32. Nd6 Re1 33. Rxf7 Rxf7 34. Rxe1 Rd7 35. Nc4 Kg7 36. Re6 b5 37. Ne5 Rd1+ 38.
Kf2 Rd2+ 39. Kf3 Rxa2 40. Rxg6+ Kf8 41. Kf4 Rf2+ 42. Nf3 Kf7 43. Kf5 Re2 44.
Rxh6 Rxg2 45. Rh7+ Rg7 46. Rxg7+ Kxg7 47. b4 Kf7 48. h4 Kg7 49. Kg5 Kh7 50. h5
Kh8 51. Kg6 Kg8 52. h6 Kh8 53. Ng5 Kg8 54. h7+ 1-0